[Event "SRB Central-ch op-A 7th"]
[Site "Paracin"]
[Date "2014.07.09"]
[Round "7"]
[White "Markus, Robert"]
[Black "Atalik, Suat"]
[Result "1/2-1/2"]
[WhiteElo "2607"]
[BlackElo "2550"]
[Annotator "Atalik,S"]
[PlyCount "43"]
[EventDate "2014.07.04"]
[EventType "swiss"]
[EventRounds "9"]
[EventCountry "SRB"]
[SourceTitle "CBM 163"]
[Source "ChessBase"]
[SourceDate "2014.11.11"]
[SourceVersion "1"]
[SourceVersionDate "2014.11.11"]
[SourceQuality "1"]

1. Nf3 Nf6 2. g3 b6 3. Bg2 Bb7 4. O-O c5 5. d3 d5 $5 {An old approach.} (5...
g6 6. e4 d6 7. Nc3 Bg7 8. Nh4 Nc6 9. f4 $40) (5... e6 6. e4 d6 7. Nc3 (7. Ng5
h6 8. Nh3 Qc7 9. f4 Be7 $13) 7... Be7 8. Ng5 $1 Nc6 9. f4 O-O $13) 6. c4 {
With the pawn on d3 this loses its touch.} ({Kings Indian Reversed would suit
White's strategy the most.} 6. Nbd2 $142 $1 e6 7. e4 Nc6 8. Re1 Be7 9. c3 Qc7
10. Nf1 $1 $36) (6. e4 dxe4 7. Nfd2 Nc6 8. dxe4 Qd7 $5 9. Nc3 Rd8 $132) 6... e6
7. cxd5 Nxd5 8. Nc3 Be7 9. Qa4+ Qd7 10. Qg4 $6 {Way too many moves with the
queen jeopardizes the majesty!} (10. Qxd7+ Nxd7 11. Nd2 $14) 10... h5 $1 11.
Qh3 $5 $146 (11. Qc4 Nc6 {Romanishin-Tamaz Georgadze, SU 1972.}) 11... Nc6 12.
Nxd5 Qxd5 $5 (12... exd5 13. Qxd7+ Kxd7 14. Bh3+ Ke8 $36 {is also quite
comfortable.}) 13. Be3 $6 (13. Bf4 Qd7 14. Ne5 Nxe5 15. Bxe5 f6 16. Bc3 Kf7 17.
Bxb7 Qxb7 18. Qg2 Qd5 19. h4 $15) (13. Bd2 $142 Bf6 14. Bc3) 13... Bf6 $1 {
This is indeed a queen sac!} 14. Nd2 (14. Rfb1 Qd7 15. Nd2 $15) (14. Nd4 Nxd4
$1 15. Bxd5 Nxe2+ 16. Kh1 Bxd5+ 17. f3 g5 18. Rae1 g4 19. Qg2 Nd4 20. Bxd4 Bxd4
21. Re4 f5 22. Rxd4 cxd4 $44 {with an excellent play for Black!}) 14... Qd7 15.
Rab1 Be7 16. f4 f5 $1 17. Nc4 Bf6 18. Rfc1 Rd8 19. a4 g6 $6 $138 {Strange
enough we both had a very bad time management.} (19... Nd4 $142 20. Bxd4 Qxd4+
21. Kf1 Bd5 22. Bxd5 exd5 23. Nd2 g6 24. b3 Kf7 25. Nf3 Qe3 26. Qg2 $15) 20.
Re1 (20. a5 $5 Nd4 $1 (20... b5 21. Ne5 Nxe5 22. fxe5 Bxe5 23. Bxb7 Qxb7 24.
Rxc5 Bd6 25. Rc2 Kf7 26. Rbc1 $36) 21. Bxd4 Bxd4+ 22. e3 Bxg2 23. Qxg2 b5 24.
exd4 Qxd4+ 25. Qf2 bxc4 26. Rxc4 Qxd3 27. Rbc1 h4 $40) 20... Rh7 $6 (20... Nb4
$15) 21. Bd2 Re7 {I have simply missed his next!} 22. Bc3 $1 $138 {This strong
move equalises at once.} (22. Bc3 $1 Bd4+ 23. Bxd4 $1 (23. Kh1 e5 24. Qh4 (24.
e4 fxe4 25. Qxd7+ Rdxd7 26. dxe4 Kf7 $15) 24... Kf7 25. e4 Bxc3 26. bxc3 Qxd3
27. Nb2 Qxc3 28. exf5 Rd2 $40) 23... Qxd4+ 24. Kf1 e5 25. Bxc6+ Bxc6 26. Nxe5
Rxe5 27. fxe5 Qe3 28. Rbc1 (28. Qh4 Rd4 $1 29. Qf6 Rf4+ $11) 28... Rxd3 29.
exd3 Qf3+ 30. Kg1 Qh1+ 31. Kf2 Qf3+ $11) 1/2-1/2

[Event "SRB Central-ch op-A 8th"]
[Site "Paracin"]
[Date "2015.07.09"]
[Round "8"]
[White "Atalik, Suat"]
[Black "Filev, Georgi"]
[Result "1/2-1/2"]
[WhiteElo "2564"]
[BlackElo "2344"]
[Annotator "Atalik,S"]
[PlyCount "91"]
[EventDate "2015.07.03"]
[EventType "swiss"]
[EventRounds "9"]
[EventCountry "SRB"]
[SourceTitle "EXT 2016"]
[Source "ChessBase"]
[SourceDate "2015.10.08"]
[SourceVersion "1"]
[SourceVersionDate "2015.10.08"]
[SourceQuality "1"]

1. Nf3 f5 2. d3 $5 {A rapidly improving line.} (2. e4 fxe4 3. Ng5 d5 4. d3 Qd6
$1) 2... d6 (2... Nc6 3. d4 $1 e6 4. g3 {is the latest twist.}) (2... Nf6 3. e4
fxe4 (3... d6 $2 4. exf5 Bxf5 5. d4 {is simply bad for Black.}) 4. dxe4 Nxe4 5.
Bd3 Nf6 6. Ng5 $1 $40 {transposes in Pirc-Lisitsin Gambit!}) 3. e4 e5 4. Nc3 c5
$5 {Too many pawn moves in Philidor/Morphy style grabs the center but
ironically weakens the flank.} (4... Nc6 $142) 5. g3 Nc6 (5... Be7 6. Bh3) 6.
Nh4 Nd4 $2 {Simply too many moves without development.} (6... f4 $1 7. Ng2 $1 {
is what I thought in the game and is even played by the Argentinian GM Diego
Flores.} (7. Qh5+ $2 g6 8. Nxg6 Nf6 9. Qh4 Nd4 $17)) 7. exf5 $6 (7. Ne2 $2 fxe4
8. Nxd4 cxd4 9. Qh5+ Kd7 {goes nowhere for White.}) ({In deed} 7. Nd5 $1 $16 {
ought to decide the issue.}) 7... Nxf5 $2 ({Amazing that he did not interpolate
} 7... Be7 $1) 8. Nxf5 Bxf5 9. Bg2 Qd7 10. O-O Nf6 11. f4 $16 exf4 12. Bxf4 Bg4
(12... Be7 13. Qf3 O-O-O 14. Bxd6 $1 $18 {wins material.}) 13. Qe1+ Be7 14. Nd5
$5 (14. h3 Bxh3 15. Bxh3 Qxh3 16. Bxd6 Qd7 17. Bxc5 Rc8 18. Ba3 Kd8 $1 $16)
14... Nxd5 15. Bxd5 O-O-O {Castling into is a sad necessity.} 16. Qa5 (16. b4
Bf6) 16... Kb8 17. b4 (17. Qxc5 $4 g5) 17... b6 18. Qa3 (18. Qa6 Qc7) 18...
cxb4 (18... Bf6 19. bxc5 Bd4+ 20. Kh1) 19. Qxb4 Be6 $2 {Black is under heavy
attack but this one should have lost at once.} (19... Qc7 20. Be3 Bc8 21. Rf7
$18) 20. Bxe6 $4 {I have temporarily forgotten to use the diagonal h1-a8 which
was naturally my original idea.} (20. Bf3 Kc8 21. Qc3+ Qc7 22. Qxg7 Bf8 $16) (
20. Bh1) 20... Qxe6 21. Rae1 Qd7 22. a4 Bf6 23. a5 Qc6 24. Re6 Kc7 $1 {And all
of a sudden Black constructs a defense around his king.} (24... Bc3 $6 25. Rxd6
Rxd6 26. Qxd6+ Qxd6 27. Bxd6+ Kb7 28. Rf7+ Kc6 29. Rc7+ Kxd6 30. Rxc3 bxa5 31.
Ra3 Kc5 32. Rxa5+ Kb6 {and even this is not entirely clear due to dangerous
passer and White's king which is cut from the f-line with} 33. Ra1 Rf8 34. Rf1
Rc8 35. Rb1+ Kc5 36. c3 $16) 25. Rb1 Rhe8 26. axb6+ axb6 27. Re4 $6 {White
even succeeds to get very slightly worse after this.} (27. Rbe1 Bc3 28. Re7+
Kc8 29. Qe4 Qxe4 30. R1xe4 Rxe7 31. Rxe7 Rd7 32. Re8+ Kc7 $11 {is more or less
equal.}) 27... Rxe4 (27... Bc3 28. Qb3 Rxe4 29. dxe4 Bd4+ 30. Be3 Bxe3+ 31.
Qxe3 Qc5 32. Rb3 $11) 28. dxe4 Qc5+ 29. Qxc5+ bxc5 30. Kf2 Ra8 31. Rd1 Bd4+ 32.
Kf3 Ra2 33. Rd2 Kd7 34. Ke2 Ke6 35. c3 $1 $11 Rxd2+ 36. Bxd2 Bf6 37. c4 h5 38.
h3 g6 39. Bf4 g5 40. Bd2 g4 41. hxg4 hxg4 42. Bf4 Bd4 43. Kd3 Bf2 44. Ke2 Bd4
45. Kd3 Bf2 46. Ke2 1/2-1/2

[Event "POL-ch 59th"]
[Site "Warsaw"]
[Date "2002.05.05"]
[Round "7"]
[White "Kempinski, Robert"]
[Black "Gdanski, Jacek"]
[Result "1-0"]
[WhiteElo "2570"]
[BlackElo "2523"]
[Annotator "Atlas,V"]
[PlyCount "91"]
[EventDate "2002.04.29"]
[EventType "tourn"]
[EventRounds "13"]
[EventCountry "POL"]
[EventCategory "10"]
[SourceTitle "CBM 089"]
[Source "ChessBase"]
[SourceDate "2002.08.12"]
[SourceVersion "1"]
[SourceVersionDate "2002.08.12"]
[SourceQuality "1"]

1. d4 g6 2. Nf3 Bg7 3. g3 c5 4. Bg2 cxd4 5. Nxd4 Nc6 6. Nb3 d6 7. O-O Be6 8.
Nc3 Bxc3 9. bxc3 Qd7 10. Re1 Nf6 11. Nd4 Bh3 12. Bh1 Rc8 13. a4 Na5 14. Nb3 b6
15. Nxa5 bxa5 16. Bh6 Ng4 17. Qd4 f6 18. Bd2 Ne5 19. Reb1 Nc6 20. Qc4 Be6 21.
Qa6 Rc7 22. Rb7 Nd8 23. Rb8 Kf7 24. Qxa5 Re8 25. Qb5 Nc6 26. Rxe8 Qxe8 27. Be3
Ne5 28. f4 Nc4 29. Bd4 Qc8 30. a5 Bd7 31. Qb4 e5 32. fxe5 dxe5 33. Bf2 Be6 34.
a6 Qd8 35. Bb7 Qd2 36. Bxa7 Qxe2 37. Bf2 Rd7 38. Qc5 e4 39. Re1 Rd1 40. Qc7+
Kg8 {[%tqu "En","Black's attack might appear very dangerous, but it is just an
illusion. How can you dissolve it?","Try to deflect the enemy rook.","Employ
your queen!","c7d8","The only move, which is, however, sufficient for win.",4]}
41. Qd8+ $1 {[%csl Rd1,Re2,Rg8][%cal Ge1e2,Gd8d1,Gd8g8] This elegant queen
move spells a quick end for Black. In fact, all other moves were losing.} Rxd8
42. Rxe2 {[%cal Ga6a8] The ending is easily winning for White, since Black
cannot stop the advanced a-pawn.} e3 43. Bxe3 Rd1+ 44. Kf2 Bh3 45. Re1 Nxe3 46.
Rxd1 1-0

[Event "Grindavik"]
[Site "Grindavik"]
[Date "1984.??.??"]
[Round "9"]
[White "Gutman, Lev"]
[Black "Asmundsson, Ingvar"]
[Result "1-0"]
[WhiteElo "2480"]
[BlackElo "2405"]
[Annotator "Belov,I"]
[PlyCount "81"]
[EventDate "1984.03.??"]
[EventType "tourn"]
[EventRounds "11"]
[EventCountry "ISL"]
[EventCategory "8"]
[SourceTitle "MCL"]
[Source "ChessBase"]
[SourceDate "1999.07.01"]
[SourceVersion "1"]
[SourceVersionDate "1999.07.01"]
[SourceQuality "1"]

1. Nf3 e6 2. g3 f5 3. Bg2 Nf6 4. d3 $5 Be7 (4... d5 5. O-O Bd6 6. c4 c6 7. Nc3
O-O 8. e4 $1 $14) 5. Nbd2 O-O (5... d6 $5 6. e4 e5) 6. e4 fxe4 (6... f4 $6 7.
e5 $16) (6... d6 7. exf5 e5 8. Nh4 $16) 7. dxe4 Nc6 8. c3 Qe8 9. Qe2 e5 10. Nc4
d6 11. Ne3 $1 (11. O-O Qh5 12. Ne3 Bh3 $10) 11... Kh8 (11... Qh5 12. h3 {/\g4/}
) 12. Nh4 Be6 (12... g6 13. Nd5 Bd8 14. O-O $14) 13. Nhf5 $14 Qd7 14. O-O Rae8
15. h4 $1 Bd8 16. h5 h6 $6 (16... Ne7 17. h6 Nxf5 18. exf5 Bxf5 19. hxg7+ Kxg7
20. Nxf5+ Qxf5 21. Bxb7 $16) 17. Nh4 $1 Ne7 (17... Bf7 $5) 18. Nd5 Nfg8 $6 (
18... Nfxd5 19. exd5 Bf7 20. Be4 $16) 19. Nxe7 Nxe7 20. f4 $16 Rf6 $6 (20...
exf4 $142 21. gxf4 Bf7 $16) 21. f5 Bf7 22. g4 $1 d5 23. g5 Rd6 24. f6 $1 gxf6
25. g6 Be6 26. Bxh6 $18 Bg4 27. Bf3 Bh3 28. Rf2 c6 29. Be3 d4 30. cxd4 exd4 31.
Bd2 Bb6 32. Qd3 c5 33. h6 c4 34. Qxc4 Nc6 35. Qf7 $1 Qxf7 (35... Ne5 36. g7+
Kh7 37. g8=Q#) 36. gxf7 Red8 37. Ng6+ Kh7 38. f8=Q Rxf8 39. Nxf8+ Kg8 40. h7+
Kh8 41. Rh2 1-0

[Event "BCF-ch"]
[Site "Dundee"]
[Date "1993.??.??"]
[Round "4"]
[White "Hennigan, Michael"]
[Black "Ward, Christopher"]
[Result "1-0"]
[WhiteElo "2415"]
[BlackElo "2460"]
[Annotator "Bulletin"]
[PlyCount "67"]
[EventDate "1993.08.??"]
[EventType "swiss"]
[EventRounds "11"]
[EventCountry "SCO"]
[SourceTitle "CBM 038"]
[Source "ChessBase"]
[SourceDate "1994.02.01"]
[SourceVersion "1"]
[SourceVersionDate "1994.02.01"]
[SourceQuality "1"]

1. Nf3 c5 2. g3 g6 3. Bg2 Bg7 4. O-O Nc6 5. e4 e6 6. c3 Nge7 (6... d5 7. exd5
exd5 8. Re1+ Nge7 9. d4 cxd4 10. Bg5 $5 dxc3 11. Nxc3 O-O) 7. d4 cxd4 8. cxd4
d5 9. e5 f6 10. Re1 fxe5 11. dxe5 O-O 12. Bf4 (12. Nc3 $5 d4 13. Ne4 Nxe5 14.
Nxd4 Qxd4 15. Qxd4 Nf3+ 16. Bxf3 Bxd4 17. Kg2 e5 $13) 12... h6 (12... Rxf4 13.
gxf4 Qf8 14. Qd2 Bh6 15. Ng5 Nf5 16. Nc3 $14) 13. h4 Bd7 (13... Rxf4 14. gxf4
Nf5 15. h5 $1 gxh5 (15... g5 16. Bh3 $16) 16. Bh3 $16) 14. Qd2 Nf5 15. Nc3 Qe7
16. Rad1 Kh7 17. Kh2 $1 {/\ Kh3, g4!} Rac8 18. Bf1 Qb4 19. Bd3 h5 (19... Na5
20. Nxd5 $1 Qxd2 21. Bxd2 $18) 20. Bb1 Nce7 $2 (20... a5) 21. Nxd5 $3 Qxd2 22.
Nf6+ $1 Bxf6 23. Rxd2 Bc6 24. exf6 Bxf3 25. fxe7 Rfe8 26. Bg5 Kg7 (26... Bd5
27. f3 $1 Bxf3 (27... Nxe7 28. Bxe7 Rxe7 29. Rxd5) 28. Be4 (28. Rxe6 $4 Rc1)
28... Bxe4 29. Rxe4 Kg7 30. Rxe6 Kf7 31. Rf6+ Kg7 32. Rd8 Nxe7 33. Rd7 $18) 27.
Be4 Bxe4 28. Rxe4 Kf7 29. Kg2 Rc5 (29... Rc7 30. Rd8) 30. Rd7 Rb5 31. b3 e5 32.
Rc4 Nd4 33. Rcc7 Ra5 34. Rd8 1-0

[Event "ROM-chT"]
[Site "Herculane"]
[Date "1996.??.??"]
[Round "?"]
[White "Marin, Mihail"]
[Black "Mozes, Ervin"]
[Result "1/2-1/2"]
[WhiteElo "2530"]
[BlackElo "2405"]
[Annotator "Bulletin"]
[PlyCount "113"]
[EventDate "1996.??.??"]
[EventType "team"]
[EventRounds "5"]
[EventCountry "ROU"]
[SourceTitle "CBM 056 Extra"]
[Source "ChessBase"]
[SourceDate "1997.03.01"]
[SourceVersion "1"]
[SourceVersionDate "1997.03.01"]
[SourceQuality "1"]

1. Nf3 d6 2. g3 c6 3. c4 e5 4. d4 e4 5. Ng5 d5 6. Nc3 Nf6 7. cxd5 cxd5 8. Nh3
Nc6 (8... h6) 9. Bg5 h6 10. Bxf6 Qxf6 11. e3 Bxh3 12. Bxh3 Bb4 13. O-O Bxc3 14.
bxc3 O-O 15. Rb1 b6 16. Rb5 Qd6 17. f3 exf3 18. Qxf3 Ne7 19. Rc1 Rad8 20. Bg2
Qa3 21. Rc2 Rd6 22. Rb3 Qa4 23. Qe2 Re8 24. Qd3 Qd7 25. Rf2 Qe6 26. Rbb2 Rc8
27. Rbc2 Qg6 28. Qxg6 Rxg6 29. e4 dxe4 30. Bxe4 Re6 31. Rfe2 Kf8 (31... f5 32.
Bd5) 32. Kf2 Rd8 33. Bf3 Rxe2+ 34. Kxe2 Nd5 35. Kd3 Ke7 36. Re2+ Kf6 37. a4 Nc7
38. Re5 $4 (38. a5 $1 $16) 38... Re8 39. Rxe8 Nxe8 40. Kc4 Nc7 41. a5 Ke7 42.
Bd1 Kd6 43. Bb3 f5 44. axb6 axb6 45. Bd1 f4 46. Kd3 fxg3 47. hxg3 Nd5 48. c4
Nf6 49. Bf3 (49. Ke3 g5 50. g4) 49... h5 50. Ke3 g5 51. Bg2 Ng4+ 52. Ke4 h4 53.
gxh4 gxh4 54. Kf4 Nf2 55. Kf3 Nd1 56. Bf1 Nc3 57. Kg4 1/2-1/2

[Event "Klaksvik"]
[Site "Klaksvik"]
[Date "2008.10.17"]
[Round "8"]
[White "Olsen, Heini"]
[Black "Sammalvuo, Tapani"]
[Result "1-0"]
[WhiteElo "2376"]
[BlackElo "2464"]
[Annotator "CB"]
[PlyCount "63"]
[EventDate "2008.10.11"]
[EventType "tourn"]
[EventRounds "9"]
[EventCountry "FAI"]
[EventCategory "8"]
[SourceTitle "CBM 126 Extra"]
[Source "ChessBase"]
[SourceDate "2008.11.05"]
[SourceVersion "1"]
[SourceVersionDate "2008.11.05"]
[SourceQuality "1"]

1. Nf3 g6 2. g3 Bg7 3. Bg2 e5 4. e4 c5 {The position looks quite normal...} 5.
b4 $5 d5 $5 6. Bb2 dxe4 7. Nxe5 Qd5 $6 {Most probably too optimistic. Black
will win a piece, but the price is too high.} 8. f4 cxb4 9. c4 Qe6 10. d4 f6
11. Qa4+ Kd8 12. d5 Qe8 13. Qxb4 {Finally, Black can cash in the piece, but
the white initiative develops rapidly and smoothly.} fxe5 14. c5 {Directed
against 14...Na6 - now follows a queen check on a5.} Qf7 {Black continues to
play with his queen!} 15. fxe5 Qxd5 16. Nc3 Qxe5 17. Rd1+ Ke8 {Diagram #} 18.
Nb5 ({Why not} 18. Nxe4 {? After} Qxb2 19. Nd6+ {we have the game continuation,
with pawn e4 off the board, which makes the situation for Black quite
precarious.}) 18... Qxb2 19. Nd6+ Kf8 20. O-O+ Bf5 21. Qc4 Qf6 $2 (21... Nh6 {
was a better try for a defence.}) 22. g4 Nh6 23. gxf5 gxf5 24. Qb5 ({Also
possible was} 24. Nxf5 Nxf5 25. Qxe4 $18) 24... Nc6 25. Qxb7 $18 Nd4 26. Qxa8+
Ke7 27. Qxa7+ Ke6 28. Nxe4 Qg6 29. Qb6+ Ke5 30. Qc7+ Kd5 31. Nd6+ Ke5 32. Rde1+
1-0

[Event "Bonn GSK"]
[Site "Bonn"]
[Date "1996.??.??"]
[Round "?"]
[White "Kengis, Edvins"]
[Black "Miezis, Normunds"]
[Result "1-0"]
[WhiteElo "2560"]
[BlackElo "2530"]
[Annotator "ChessBase"]
[PlyCount "69"]
[EventDate "1996.08.??"]
[EventType "tourn"]
[EventRounds "12"]
[EventCountry "GER"]
[EventCategory "12"]
[SourceTitle "CBM 056"]
[Source "ChessBase"]
[SourceDate "1997.02.01"]
[SourceVersion "1"]
[SourceVersionDate "1997.02.01"]
[SourceQuality "1"]

1. Nf3 e6 2. g3 b5 3. d4 Bb7 4. Qd3 a6 5. Bg2 Nf6 6. Bg5 c5 7. dxc5 Bxc5 8. O-O
h6 9. Bxf6 Qxf6 10. c3 d5 11. Nbd2 O-O 12. a4 b4 13. Nb3 Nd7 14. Na5 Rfb8 15.
c4 Qxb2 16. Nxb7 Rxb7 17. cxd5 Rba7 18. dxe6 fxe6 19. Ng5 Re8 20. Nxe6 Rxe6 21.
Bd5 Qe5 22. Qc4 Kf7 23. Rad1 Kf6 24. Bxe6 Nb6 25. Qc2 Kxe6 26. a5 Nd7 27. Qc4+
Ke7 28. Rd5 Qb8 29. Rfd1 Qb5 30. Qe4+ Kd8 31. Qe6 Rb7 32. Qg8+ Ke7 33. Rf5 Rb8
34. Rf7+ Ke6 35. Qxg7 (35. Rf8+ $142 Ke7 (35... Ke5 36. Qd5#) 36. Qf7#) 1-0

[Event "Goch op 03rd"]
[Site "Goch"]
[Date "1992.??.??"]
[Round "4"]
[White "Podzielny, Karl Heinz"]
[Black "Miezis, Normunds"]
[Result "0-1"]
[WhiteElo "2435"]
[BlackElo "2360"]
[Annotator "ChessBase"]
[PlyCount "116"]
[EventDate "1992.10.??"]
[EventType "swiss"]
[EventRounds "7"]
[EventCountry "GER"]
[SourceTitle "EXT 1998"]
[Source "ChessBase"]
[SourceDate "1997.11.17"]
[SourceVersion "1"]
[SourceVersionDate "1997.11.17"]
[SourceQuality "1"]

1. Nf3 c5 2. g3 Nc6 3. Bg2 e5 4. d3 g6 5. O-O Bg7 6. c3 Nge7 7. a3 a5 8. a4 O-O
9. Na3 h6 10. e4 d5 11. exd5 {Weiß spielt sehr konsequent auf weißfeldrige
Strategie, aber bekam auch die Schwaeche auf d3} Nxd5 12. Re1 Re8 13. Nd2 {
Auf 13.Nc4 ist 13. ... Bf5 gut spielbar} Bf5 14. Ne4 {Interessant sieht 14.
Nb5!? aus und Schwarz muß noch zeigen, wie verteidigt er alle Faelle auf
Felder d6, c7, b6} (14. Nb5 Bxd3 $6 (14... Rc8 $2 15. Nc4) (14... Re7 15. Ne4
$1) (14... Be6 $1 15. Nc4 (15. Ne4 Bf8) 15... Re7 $15) 15. Bxd5 Qxd5 16. Nc7
Qd7 17. Nxa8 Rxa8 18. Nb3 $1 b6 19. Be3 $15) 14... Qe7 15. Qb3 Red8 16. Qb5 Bf8
17. Nc4 Be6 {Schwarz konnte alles verteidigen und Weiß macht letzte
Verstaerkung} 18. Be3 $5 Nxe3 19. Rxe3 Na7 $1 {Das zeigt, Schwarz ist weiter
in Ordnung.} 20. Qb3 (20. Qxa5 $6 Bxc4 21. dxc4 Nc6 22. Qb5 Ra5 23. Qb6 Ra6 24.
Qb5 f5 $17) 20... Nc6 21. Ned2 Bg7 22. Rae1 h5 23. Qc2 Bh6 {Achtung, Schwarz
greift auf schwarzen Feldern an!} 24. R3e2 (24. Nxe5 Bxe3 25. Nxc6 Bxf2+ 26.
Kxf2 bxc6 27. Bxc6 Rac8 $17) 24... Bg4 25. f3 (25. Nxe5 $2 Bxe2 26. Nxc6 bxc6
27. Nf3 Bxd3 $17) (25. Bf3 $5) 25... Bf5 26. Nxe5 Nxe5 27. Rxe5 Bxd3 28. Qb3 (
28. Qxd3 Qxe5 29. Qxd8+ Rxd8 30. Rxe5 Rxd2 31. f4 $11) 28... Qf8 29. f4 Bg7 30.
Re7 Ba6 31. Nc4 Re8 32. R7e3 Rxe3 33. Nxe3 Qd6 34. Nd5 (34. Bd5 $5 Rf8 35. Bc4
$5 Qd2 36. Re2 Qc1+ 37. Kg2) 34... c4 35. Qc2 Rd8 36. Qe4 b6 37. f5 Kh7 38.
fxg6+ fxg6 39. Nf4 Bc8 $1 {Nur so, wenn 39. ... Kh6? 40. Ne6 Re8 41. Qe3+ und
gewinnt} 40. Qxc4 Qd2 {So gewann Weiß einen Bauern, aber Schwarz hat 2 Laeufer
und ganz schöne Konter chancen} 41. Re7 Rd7 $1 42. Re2 $2 Qc1+ 43. Kf2 (43. Bf1
Bd4+ 44. Qxd4 Rxd4 45. cxd4 Ba6 $17) 43... Bd4+ 44. Qxd4 Rxd4 45. cxd4 Ba6 46.
Re7+ Kh6 47. h4 Qxb2+ 48. Kg1 Qxd4+ 49. Kh2 Bc8 50. Re4 Qd1 51. Rc4 Bf5 52. Nd5
Be6 53. Nc3 Qc2 54. Rc7 Qb2 55. Kg1 Bf5 56. Kh2 Bg4 57. Kg1 b5 58. axb5 a4 {
und Weiß ist verloren nach wenigen Zuegen [Dobosz,H]} 0-1

[Event "Cupa Dinamo"]
[Site "Brasov"]
[Date "1998.??.??"]
[Round "6"]
[White "Svetushkin, Dmitry"]
[Black "Chernov, Vadim A"]
[Result "1-0"]
[WhiteElo "2415"]
[BlackElo "2405"]
[Annotator "ChessBase"]
[PlyCount "151"]
[EventDate "1998.03.??"]
[EventType "tourn"]
[EventRounds "11"]
[EventCountry "ROU"]
[EventCategory "8"]
[SourceTitle "CBM 063 Extra"]
[Source "ChessBase"]
[SourceDate "1998.04.29"]
[SourceVersion "1"]
[SourceVersionDate "1998.04.29"]
[SourceQuality "1"]

1. e4 c5 2. Nf3 e6 3. d3 Nc6 4. g3 g6 5. Bg2 Bg7 6. O-O Nge7 7. c3 O-O 8. Re1
d6 9. Nbd2 e5 10. a3 h6 11. b4 Be6 12. Nc4 b5 13. Ne3 a5 14. c4 axb4 15. cxb5
Nd4 16. Nxd4 cxd4 17. Nc4 Qc7 18. Bf1 Rfb8 19. Bd2 Rxb5 20. axb4 Rab8 21. Ra5
d5 22. Rxb5 Rxb5 23. Qa4 Bd7 24. Na3 Rb8 25. b5 Qb7 26. exd5 Bxb5 27. Qa5 Bd7
28. Rb1 Qc8 29. Rxb8 Qxb8 30. Nc4 Nf5 31. Bb4 Bf6 32. d6 Bd8 33. Qc5 f6 34. Bg2
Qb5 35. Qa7 Kf7 36. Bd5+ Ke8 37. Bc5 Qa4 38. Qxa4 (38. Qb8 Qd1+ 39. Kg2 Nh4+
40. gxh4 Qg4+ $11) 38... Bxa4 39. Kf1 Kd7 40. h4 Bb5 41. Be4 Bxc4 42. dxc4 Nxd6
43. Bxg6 Be7 44. Bd3 Nb7 45. Bf5+ Ke8 46. Bb6 Bc5 47. Bc7 Ke7 48. Be4 Nd6 49.
Bd5 Bb4 50. Ke2 Kd7 51. Bb8 Bc5 52. Kd3 Ne8 53. Bb7 Ng7 54. f4 Bd6 55. Ba7 Ne6
56. fxe5 Bxe5 57. g4 Kd6 58. Bd5 Nc5+ 59. Ke2 Ne6 60. Kf3 Nc7 (60... Nc5 61. g5
hxg5 62. hxg5 $16 fxg5 $4 63. Bb8+) 61. Be4 Na6 62. h5 Nc7 63. Bb6 Na6 64. Bd5
Nc5 65. Ba5 Nd7 66. Bd2 Bh2 67. Ke4 Kc5 68. Kf5 Ne5 69. Bxh6 Nxc4 70. Bxc4 Kxc4
71. Bd2 Bd6 72. h6 Bf8 73. h7 Bg7 74. Kg6 Bh8 75. Kf7 f5 76. g5 1-0

[Event "Albena-16"]
[Site "Albena"]
[Date "1984.09.02"]
[Round "1"]
[White "Bischoff, Klaus"]
[Black "Tal, Mihail"]
[Result "0-1"]
[WhiteElo "2395"]
[BlackElo "2620"]
[Annotator "ChessBase"]
[PlyCount "66"]
[EventDate "1984.09.02"]
[EventType "tourn"]
[EventRounds "11"]
[EventCountry "BUL"]
[EventCategory "8"]
[SourceTitle "EXT 1999"]
[Source "ChessBase"]
[SourceDate "1998.11.16"]
[SourceVersion "1"]
[SourceVersionDate "1998.11.16"]
[SourceQuality "1"]

1. Nf3 c5 2. g3 g6 3. Bg2 Bg7 4. O-O Nc6 5. c3 e5 6. d4 cxd4 7. cxd4 e4 8. Ne5
d5 9. Nxc6 bxc6 10. Nc3 Ne7 11. Na4 O-O 12. b3 Re8 13. e3 h5 14. Ba3 Nf5 15.
Rc1 Re6 16. Nc5 Rf6 17. h3 Bf8 18. Rc3 Bd6 19. Qc2 Bc7 {[#]} 20. Nxe4 $2 (20.
Rc1 Rb8 $11) (20. Bxe4 dxe4 21. Nxe4 Re6 22. Rxc6 Nd6 23. d5 Rxe4 24. Bxd6 Bxd6
25. Qxe4 Bxh3 $15) 20... dxe4 21. Rxc6 Bd6 $17 22. Qxe4 Bb7 23. Bxd6 Rxd6 24.
Rxd6 Nxd6 25. Qe5 Bxg2 26. Kxg2 Rc8 27. g4 h4 28. f3 Rc2+ 29. Rf2 Qc7 30. e4
Rc1 31. g5 Rd1 32. Qc5 Qb8 33. Rc2 Nc4 0-1